Представление документа в формате MARC21

Поле Инд. ПП Название Значение
Тип записи a
Библиографический уровень a
001 Контрольный номер 3c288f8ef97d42839126789f1556ad5d
005 Дата корректировки 20221206133530.0
041 0_ a Код языка текста rus
080 a Индекс УДК 65
097 b Оператор *Т*
100 1_ a Автор Иванова А.С.
245 10 a Заглавие Проблемы формирования и использования материальных ресурсов фирмы
b Продолж. заглавия статья
p Название части/ раздела - Текст : электронный
260 a Место издания Тверь
b Издательство ТвГТУ
520 0_ a Аннотация в статье дается понятие материальных ресурсов фирмы, раскрывается сущность данной экономической категории и приводится авторское определение понятия и сущности материальных ресурсов.
653 0_ a Ключевые слова материальные ресурсы, материалоотдача, материалоемкость
700 12 a Другие авторы Пантелеев А.В.
773 18 w Контрольный № источника ee5ee90ba01244638c9e028a88440eef
t Название источника Теоретические исследования и экспериментальные разработки студентов и аспирантов : материалы Всероссийской (национальной) научно-практической конференции, 2022 г., Тверь : в 2 частях / под редакцией Т.Б. Новиченковой
d Место и дата издания Тверь : Тверской государственный технический университет, 2022
g Прочая информация Ч. 1. - С. 15-20
773 18 z ISBN 978-5-7995-1232-3
901 t Тип документа a
905 a Дата создания записи 27.10.22
950 a Редактор записи гм